Piotr Żyła - quiz wielokrotnego wyboru - Statystyki

Ogólne statystyki
  • Ten quiz został rozwiązany 166 razy
    136 od ostatniego zresetowania
  • Średni wynik to 6 z 10
Statystyki odpowiedzi
Zagadnienie Odpowiedź % Poprawnych
Gdzie ustanowił swój rekord życiowy (248,0m)? W Planicy
90%
Jaki pseudonim nosi Piotr Żyła? Wiewiór
83%
W którym roku urodził się Piotr Żyła? 1987
78%
W jakim klubie skacze Piotr Żyła WSS Wisła
73%
W którym roku Piotr Żyła pierwszy raz zwyciężył w zawodach Pucharu Świata? 2013
62%
W którym sezonie Piotr Żyła jedyny raz stanął na podium Turnieju Czterech Skoczni? (2 miejsce) 2016/2017
62%
Na czym gra Piotr Żyła (instrument)? Na gitarze
62%
Gdzie Piotr Żyła pierwszy raz został indywidualnym mistrzem świata na normalnej skoczni? W Oberstdorfie w 2021 r.
55%
Czy Piotr Żyła debiut w Pucharze Świata rozpoczął od razu od zdobyczy punktowej? Tak
43%
Z jakiego miasta pochodzi Piotr Żyła? Cieszyn
42%
Nie znaleziono quizów pasujących do podanych kryteriów
Rozkład punktacji
Procent ludzi z każdym wynikiem
Percentyl według liczby udzielonych odpowiedzi
Twoja historia wyników
Nie rozwiązałeś tego quizu od ostatniego zresetowania